| 000 | 01016nam a22003137a 4500 | ||
|---|---|---|---|
| 001 | BR2016002976 | ||
| 003 | BR-BrBNA | ||
| 005 | 20230928104920.0 | ||
| 007 | ta | ||
| 008 | 230509b bl.||||| |||| 00| 0 por d | ||
| 040 |
_aBR-BrBNA _bpor _cBiblioteca Nacional de Agricultura |
||
| 041 | _a(Por) | ||
| 072 | _aP01; E14 | ||
| 090 | _ P01 BR2016002976 | ||
| 100 | 1 | _aRomeiro, A.R. (org.) | |
| 100 | 1 | _aReydon, B.P. (org.) | |
| 100 | 1 | _aLeonardi, M.L.A. (org.) | |
| 110 | 1 |
_aUniversidade Estadual de Campinas, SP (Brasil). Inst. de Economia _910638 |
|
| 245 | 1 | _aEconomia do meio ambiente: teoria, políticas e a gestão de espaços regionais | |
| 260 | 3 |
_aCampinas, SP (Brasil): _c1996. |
|
| 300 | _a384 p. | ||
| 500 | _aIncludes several bibliographies; Summary (Por); 5 illus.; 8 graphs.; 9 tables | ||
| 650 | _aMEIO AMBIENTE | ||
| 650 | _aPOLÍTICA AMBIENTAL | ||
| 650 | _aPOLÍTICAS PÚBLICAS | ||
| 650 | _aDESENVOLVIMENTO SUSTENTÁVEL | ||
| 909 |
_a202309 _bLucia _c55 _dLucia Elande |
||
| 942 | _cBK | ||
| 999 |
_c82416 _d82416 |
||